000 00563nam a22001697a 4500
003 OSt
005 20260309102746.0
008 260309b |||||||| |||| 00| 0 eng d
040 _cMRSPTU
041 _aEnglish
100 _aSatnam Singh, Supervisor: Savina Bansal
245 _aChannel Estimation and Equalization for Smart Antennas: Simulation and Anlaysis
260 _bDepartment of ECE, MRSPTU, Bathinda
_c2006
650 _aElectronics & Communication Engineering
856 _uhttp://163.47.215.52:8080/jspui/handle/123456789/1160
942 _2ddc
_cTH
_n0
999 _c11090
_d11090